000 00684nam 22002053 4500
001 196669
090 _a196669
100 _a20250616d u||y0pory50 ba
200 _aFísica atómica
_fMax Born...[et al.]
_gtradução de Egídio Namorado ; prefácio J. R. de Almeida Santos
205 _a
210 _aLisboa
_cFundação Calouste Gulbenkian
_dimp. 1986
215 _a557, p.
_cbrochado
_d23 cm
606 _912746
_aFísica
675 _a53
_vPT
_zpor
701 _912763
_aBorn
_bMax
_f1882-1970
702 _aNamorado
_bEgídio
_ctradutor, escritor e professor
_f1920-1976
_912764
702 _912765
_aSantos
_bJ. R. de Almeida
801 _aPT
_bBMMN
_gRPC
830 _cAna
_fAna
990 _cLIVROS